[Event "Under 2000"]
[Site "SchemingMind.com"]
[Date "2009.01.10"]
[Round "-"]
[White "smothered mate"]
[Black "jdcald13"]
[Result "1-0"]
[WhiteCountry "POL"]
[BlackCountry "USA"]
[WhiteElo "1878"]
[WhiteRD "51"]
[BlackElo "1849"]
[BlackRD "66"]
[GameID "186974"]

1. e4 c5 2. c3 d5 3. exd5 Qxd5 4. d4 cxd4 5. cxd4 Nc6 6. Nf3 Bg4 7. Be2 e6 8. Nc3 Qa5 9. O-O Nf6 10. h3 Bh5
11. Bf4 Be7 12. Nb5 O-O 13. Bc7 Qb4 14. a3 Qxb2 15. Rb1 Qa2 16. Nc3 Qxa3 17. Rb3
1-0

[Event "Under 2000"]
[Site "SchemingMind.com"]
[Date "2009.01.08"]
[Round "-"]
[White "smothered mate"]
[Black "Archon"]
[Result "1-0"]
[WhiteCountry "POL"]
[BlackCountry "CAN"]
[WhiteElo "1921"]
[WhiteRD "50"]
[BlackElo "1698"]
[BlackRD "55"]
[GameID "186975"]

1. e4 d6 2. d4 Nf6 3. Bd3 e5 4. c3 d5 5. dxe5 Nxe4 6. Nf3 Nc6 7. Nbd2 Nc5 8. Bb5 Ne6 9. O-O Be7 10. Nb3 O-O
11. Bxc6 bxc6 12. Nbd4 Bd7 13. Nf5 Bc5 14. b4 Bb6 15. a4 a5 16. bxa5 Bxa5 17. Ba3 Re8 18. Qc2 Rb8 19. Rfb1 Rxb1+ 20. Rxb1 Bb6
21. g4 Nc5 22. a5 Ba7 23. h4 Ne4 24. N3d4 Bxf5 25. Nxf5 Nxf2 26. Kf1 Nxg4 27. Qg2 Ne3+ 28. Nxe3 Bxe3 29. Qg3 Bh6 30. Bc5 Qa8
31. Ra1 Qa6+ 32. Kf2 Qc4 33. Be3 Bxe3+ 34. Qxe3 Qxh4+ 35. Kg2 Ra8 36. Qc5 Ra6 37. Rf1 Qd8 38. Qb4 Qe8 39. Ra1 h6 40. Qb7 Qa8
41. Qxc7 c5 42. Rb1 d4+ 43. Kf2 Kh7 44. Qxf7 Rxa5 45. Rb7 Qg8 46. Qf5+ Kh8 47. Rf7 Ra2+ 48. Kg3 dxc3 49. Rf8 c2 50. Rxg8+ Kxg8
51. Qc8+ Kh7 52. Qxc5 c1=Q 53. Qxc1 Ra8 54. Qc6 Rf8 55. e6 Rf6 56. Qe4+
1-0

[Event "Under 2000"]
[Site "SchemingMind.com"]
[Date "2009.01.08"]
[Round "-"]
[White "smothered mate"]
[Black "fervac"]
[Result "0-1"]
[WhiteCountry "POL"]
[BlackCountry "NCA"]
[WhiteElo "1921"]
[WhiteRD "50"]
[BlackElo "1960"]
[BlackRD "71"]
[GameID "186976"]

1. e4 c5 2. c3 Nf6 3. e5 Nd5 4. g3 d6 5. exd6 Qxd6 6. Bg2 Nf6 7. Ne2 e5 8. d4 cxd4 9. cxd4 Nc6 10. d5 Ne7
11. Nbc3 Bf5 12. O-O O-O-O 13. Nb5 Qc5 14. Qa4 a6 15. d6 Qxb5 16. Qxb5 axb5 17. dxe7 Bxe7 18. Be3 Nd5 19. Rac1+ Kb8 20. Bxd5 Rxd5
21. Nc3 Rd7 22. Nxb5 Bd3 23. a4 Bxf1 24. Kxf1 Bb4 25. Rc4 Bd2 26. Bb6 f6 27. Bc7+ Ka8 28. b4 Rc8 29. Ke2 f5 30. Rc2 Bxb4
31. Rb2 Bc3 32. Nxc3 Rdxc7 33. Nb5 Rc2+ 34. Rxc2 Rxc2+ 35. Ke3 Ra2
0-1

[Event "Under 2000"]
[Site "SchemingMind.com"]
[Date "2009.01.09"]
[Round "-"]
[White "smothered mate"]
[Black "schakert"]
[Result "1-0"]
[WhiteCountry "POL"]
[BlackCountry "NED"]
[WhiteElo "1921"]
[WhiteRD "50"]
[BlackElo "1721"]
[BlackRD "60"]
[GameID "186977"]

1. e4 d6 2. f4 Nf6 3. d3 Nbd7 4. Nf3 e5 5. Nc3 c6 6. Be2 Qc7 7. O-O Be7 8. Qe1 h6 9. Nh4 Rg8 10. Nf5 Nf8
11. fxe5 dxe5 12. Be3 Be6 13. Qf2 Bxf5 14. Qxf5 Ne6 15. a4 g6 16. Qf2 g5 17. Kh1 Nf4 18. g3 Nxe2 19. Nxe2 Bd8 20. a5 Ng4
21. Qg1 Nxe3 22. Qxe3 Qe7 23. Rf5 f6 24. Qf3 g4 25. Qe3 Qf8 26. Raf1 Rg5 27. R5f2 Be7 28. b4 c5 29. c3 cxb4 30. cxb4 Kf7
31. d4 Kg7 32. dxe5 Rxe5 33. Nd4 Kh7 34. a6 bxa6 35. Nc6 Re6 36. e5 Rc8 37. Nxe7 Qxe7 38. Rxf6 Rxf6 39. Rxf6 Qg7 40. Qd3+
1-0

[Event "Under 2000"]
[Site "SchemingMind.com"]
[Date "2009.01.08"]
[Round "-"]
[White "smothered mate"]
[Black "Milan"]
[Result "1/2-1/2"]
[WhiteCountry "POL"]
[BlackCountry "CZE"]
[WhiteElo "1878"]
[WhiteRD "51"]
[BlackElo "1780"]
[BlackRD "60"]
[GameID "186978"]

1. e4 c6 2. d4 d5 3. exd5 cxd5 4. c4 Nf6 5. Nc3 e6 6. Nf3 Bb4 7. Bd3 dxc4 8. Bxc4 Bxc3+ 9. bxc3 O-O 10. O-O Qc7
11. Qd3 a6 12. Bg5 Nbd7 13. Bb3 b5 14. Rfe1 Bb7 15. Ne5 Nxe5 16. dxe5 Nd5 17. Bc2 g6 18. Qh3 f5 19. exf6 Nxf6 20. Rxe6 Bc8
21. Bb3 Bxe6 22. Qxe6+ Kg7 23. Re1 h6 24. Qe7+ Qxe7 25. Rxe7+ Kh8 26. Bxh6 Rfe8 27. Bg7+ Kh7=
1/2-1/2

[Event "Under 2000"]
[Site "SchemingMind.com"]
[Date "2009.01.13"]
[Round "-"]
[White "smothered mate"]
[Black "iwegiel"]
[Result "1/2-1/2"]
[WhiteCountry "POL"]
[BlackCountry "POL"]
[WhiteElo "1921"]
[WhiteRD "50"]
[BlackElo "1907"]
[BlackRD "66"]
[GameID "186979"]

1. e4 e6 2. d4 d5 3. Nd2 Nf6 4. e5 Nfd7 5. Bd3 c5 6. c3 Nc6 7. Ndf3 cxd4 8. cxd4 Qb6 9. Ne2 Bb4+ 10. Bd2 f6
11. exf6 Bxd2+ 12. Qxd2 Nxf6 13. O-O O-O 14. Rac1 Bd7 15. Rfe1 Rae8 16. Ne5 Nxe5 17. dxe5 Ng4 18. Nf4 Nxf2 19. Qxf2 Qxf2+ 20. Kxf2 Rxf4+
21. Ke3 Rff8 22. Rc7 Bc6 23. Ba6 Rc8 24. Rxc8 Rxc8 25. Bd3 Be8 26. Kd4 Rc7 27. Re2 Bg6 28. Bxg6 hxg6 29. b3= g5 30. a4 Kf8
31. Re3 Rf7 32. Rg3 Rf5 33. Rc3 Ke8 34. Rc7 Rf7 35. Rc8+ Kd7 36. Rg8 Kc6 37. Rc8+ Kd7 38. Rg8 Kc6=
1/2-1/2

[Event "Under 2000"]
[Site "SchemingMind.com"]
[Date "2009.01.08"]
[Round "-"]
[White "smothered mate"]
[Black "waldron"]
[Result "0-1"]
[WhiteCountry "POL"]
[BlackCountry "USA"]
[WhiteElo "1878"]
[WhiteRD "51"]
[BlackElo "2124"]
[BlackRD "68"]
[GameID "186980"]

1. e4 e5 2. Nf3 Nc6 3. Bb5 a6 4. Bxc6 dxc6 5. O-O f6 6. d4 Bg4 7. c3 Bd6 8. Be3 Ne7 9. h3 Bh5 10. dxe5 fxe5
11. c4 c5 12. Nc3 O-O 13. g4 Bf7 14. Qe2 Nc6 15. Bg5 Qd7 16. Nd5 Be6 17. Rad1 Bxg4 18. Nxe5 Nxe5 19. hxg4 Nf3+ 20. Kg2 Qxg4+
0-1

[Event "Under 2000"]
[Site "SchemingMind.com"]
[Date "2009.01.09"]
[Round "-"]
[White "jtrochez1"]
[Black "smothered mate"]
[Result "0-1"]
[WhiteCountry "HON"]
[BlackCountry "POL"]
[WhiteElo "1580"]
[WhiteRD "48"]
[BlackElo "1921"]
[BlackRD "50"]
[GameID "186981"]

1. e4 e5 2. Nf3 Nc6 3. d4 exd4 4. Nxd4 Nf6 5. Nxc6 bxc6 6. Nc3 Bb4 7. Bd3 Qe7 8. O-O Bxc3 9. bxc3 O-O 10. a4 d6
11. Bg5 h6 12. Bh4 Qe5 13. Bxf6 Qxf6 14. Qd2 Rd8 15. f3 d5 16. exd5 cxd5 17. Ra3 c5 18. Qe1 c4 19. Be2 Re8 20. Rf2 Bf5
21. Qd2 Rad8 22. Kf1 Qg6 23. Bd1 Qd6 24. Ra1 Qxh2 25. Re2 Kf8 26. Rc1 Rxe2 27. Bxe2 Re8 28. g4 Bd3 29. cxd3 cxd3 30. Re1 Rxe2
31. Rxe2 Qxe2+ 32. Qxe2 dxe2+ 33. Kxe2 Ke7 34. Ke3 Kd6 35. f4 Kc5 36. a5 Kc4 37. Kd2 f5 38. gxf5 h5 39. Ke3 Kxc3 40. a6 d4+
41. Ke2 Kc2
0-1

[Event "Under 2000"]
[Site "SchemingMind.com"]
[Date "2009.01.10"]
[Round "-"]
[White "jdcald13"]
[Black "smothered mate"]
[Result "0-1"]
[WhiteCountry "USA"]
[BlackCountry "POL"]
[WhiteElo "1863"]
[WhiteRD "64"]
[BlackElo "1921"]
[BlackRD "50"]
[GameID "186982"]

1. c4 e6 2. Nc3 d5 3. d4 c5 4. dxc5 d4 5. Ne4 f5 6. Nd6+ Bxd6 7. cxd6 Qxd6 8. f4 Nf6 9. Nf3 Qb4+ 10. Kf2 Ne4+
11. Kg1 Qxc4 12. e3 Qc7 13. exd4 Nc6 14. Be3 Ne7 15. Bd3 Nd5 16. Qe2 Nxf4 17. Bxf4 Qxf4 18. Bxe4 fxe4 19. Ne5 e3 20. Qb5+ Kd8
21. Rf1 Qxd4 22. Nf7+ Ke7 23. Qe2 Bd7 24. Rd1 Qc5 25. Rxd7+ Kxd7 26. Nxh8 Rxh8 27. h3 Rf8 28. Kh2 Qe5+
0-1

[Event "Under 2000"]
[Site "SchemingMind.com"]
[Date "2009.01.09"]
[Round "-"]
[White "Archon"]
[Black "smothered mate"]
[Result "0-1"]
[WhiteCountry "CAN"]
[BlackCountry "POL"]
[WhiteElo "1698"]
[WhiteRD "55"]
[BlackElo "1921"]
[BlackRD "50"]
[GameID "186983"]

1. d4 d5 2. e4 e6 3. Be3 dxe4 4. f3 Nc6 5. Nc3 Bb4 6. Ne2 exf3 7. Ng3 fxg2 8. Bxg2 Bxc3+ 9. bxc3 Nge7 10. O-O Nd5
11. Bd2 O-O 12. Qh5 Nf6 13. Qh4 Ne7 14. Rxf6 gxf6 15. Rf1 Ng6 16. Qh6 Kh8 17. Nh5 Rg8 18. Nxf6 Rg7 19. Be4 e5 20. Nh5 Qg8
21. Kh1 Bh3 22. Bg5 Nf4= 23. Nxg7 f5 24. Bf6 Nd5 25. Bxd5 Qxd5+
0-1

[Event "Under 2000"]
[Site "SchemingMind.com"]
[Date "2009.01.08"]
[Round "-"]
[White "fervac"]
[Black "smothered mate"]
[Result "1/2-1/2"]
[WhiteCountry "NCA"]
[BlackCountry "POL"]
[WhiteElo "1960"]
[WhiteRD "71"]
[BlackElo "1921"]
[BlackRD "50"]
[GameID "186984"]

1. d4 d5 2. c4 e6 3. Nc3 c5 4. cxd5 exd5 5. Nf3 Nc6 6. g3 Nf6 7. Bg2 Be7 8. O-O O-O 9. Bg5 c4 10. Ne5 Be6
11. Rc1 Rc8 12. Nxc6 Rxc6 13. e4 dxe4 14. Bxf6 Bxf6 15. d5 Rd6 16. Nxe4 Rd7 17. Qh5 Bxd5 18. Nxf6+ gxf6 19. Rcd1 f5 20. Qxf5 Be6
21. Qh5 Qf6 22. Be4 Qg7 23. Qb5 Rxd1 24. Rxd1 b6 25. Bd5 Rd8 26. Bf3 Rxd1+ 27. Bxd1 Qd4 28. Bf3 Qd2 29. h4 c3 30. bxc3 Qxa2
31. Qg5+=
1/2-1/2

[Event "Under 2000"]
[Site "SchemingMind.com"]
[Date "2009.01.09"]
[Round "-"]
[White "schakert"]
[Black "smothered mate"]
[Result "1-0"]
[WhiteCountry "NED"]
[BlackCountry "POL"]
[WhiteElo "1721"]
[WhiteRD "60"]
[BlackElo "1921"]
[BlackRD "50"]
[GameID "186985"]

1. d4 d5 2. g3 c5 3. Bg2 e6 4. Nf3 Nc6 5. O-O Nf6 6. Nc3 h6 7. Bf4 a6 8. Re1 Be7 9. e4 O-O 10. e5 Nd7
11. Qd2 c4 12. b3 b5 13. bxc4 bxc4 14. h4 Ba3 15. g4 Qa5 16. Ne2 Bb4 17. c3 Be7 18. h5 Kh8 19. Bxh6 gxh6 20. Qxh6+ Kg8
21. g5 Rd8 22. g6 Nf8 23. Ng5 Bxg5 24. Qxg5 fxg6 25. Nf4 Ra7 26. Re3 Rg7 27. Rg3 Nh7 28. Qh6 Nf8 29. Nxg6 Nxg6 30. Rxg6 Qc7
31. f4 Qf7 32. Rf6 Qe7 33. f5 Rf8 34. fxe6 Nd8 35. Kh2 Bxe6 36. Raf1 Nf7 37. Qf4 Qd7 38. h6 Rxg2+ 39. Kxg2 Bh3+ 40. Kh2 Kh8=
41. Rxf7 Rxf7 42. Qxf7 Qg4 43. Qg7+
1-0

[Event "Under 2000"]
[Site "SchemingMind.com"]
[Date "2009.01.08"]
[Round "-"]
[White "Milan"]
[Black "smothered mate"]
[Result "1-0"]
[WhiteCountry "CZE"]
[BlackCountry "POL"]
[WhiteElo "1780"]
[WhiteRD "60"]
[BlackElo "1878"]
[BlackRD "51"]
[GameID "186986"]

1. d4 d5 2. Nf3 c5 3. dxc5 e6 4. e3 Bxc5 5. Bb5+ Bd7 6. Bxd7+ Nxd7 7. O-O Ngf6 8. Nc3 a6 9. a3 Rc8 10. Re1 O-O
11. e4 Ng4 12. Re2 Qb6 13. Qe1 d4 14. Na4 Qd6 15. Nxc5 Rxc5 16. Bd2 a5 17. h3 Nge5 18. Nxe5 Nxe5 19. Bf4 Qb6 20. Bxe5 Rxe5
21. b3 Rc8 22. b4 a4 23. Qd1 Qa7 24. Qd3 Rc3 25. Qd2 b5 26. Kf1 Rh5 27. Re3 Rxe3 28. fxe3 Rh4 29. Qd3= Qa8 30. Qxd4 h6
31. Rd1 Rxe4 32. Qb6 Kh7= 33. Rd8 Qxd8 34. Qxd8 Rxe3 35. Qd7 Re5 36. Kg1 Kg6 37. Qd3+ f5 38. c4 bxc4 39. Qxc4 Re3 40. b5 Re4
41. Qc6 Kg5 42. Qxe4 fxe4 43. b6
1-0

[Event "Under 2000"]
[Site "SchemingMind.com"]
[Date "2009.01.13"]
[Round "-"]
[White "iwegiel"]
[Black "smothered mate"]
[Result "0-1"]
[WhiteCountry "POL"]
[BlackCountry "POL"]
[WhiteElo "1907"]
[WhiteRD "66"]
[BlackElo "1921"]
[BlackRD "50"]
[GameID "186987"]

1. e4 e5 2. Nc3 Bb4 3. Bc4 Nf6 4. Nf3 O-O 5. O-O Nc6 6. d3 d6 7. Ne2 Be6 8. Bxe6 fxe6 9. c3 Ba5 10. Ng3 Qe8
11. d4 Rd8 12. dxe5 dxe5 13. Qe2 Bb6 14. Bg5 Rd6 15. Rad1 Qg6 16. Rxd6 cxd6 17. Rd1 Ng4 18. Nh1 Rxf3 19. Qxf3 Qxg5 20. Rxd6 Qe7
21. Qd1 Nf6 22. Ng3 Bc5 23. Rd2 Qc7 24. b4 Be7 25. a4 Nd8 26. h3 Nf7 27. Qb3 Qc6 28. f3 Ne8 29. a5 Bg5 30. Rd3 Nc7
31. c4 a6 32. c5 Nb5 33. Ne2 Qe8 34. Rd1 Nd8 35. Qd3 Nc6 36. Qd7 Qxd7 37. Rxd7 Nxb4 38. Rxb7 Be3+ 39. Kf1 Bxc5 40. Ke1 Nc6
41. Kd2 Nxa5 42. Rb8+ Kf7 43. Kd3 Nd6 44. Ra8 Nc6 45. Kc3 a5 46. Ra6 Bb4+ 47. Kd3 Nd8 48. Nc3 N8b7 49. Rb6 Nc5+ 50. Kc2 Nc4
51. Rc6 Ne3+
0-1

[Event "Under 2000"]
[Site "SchemingMind.com"]
[Date "2009.01.08"]
[Round "-"]
[White "waldron"]
[Black "smothered mate"]
[Result "1-0"]
[WhiteCountry "USA"]
[BlackCountry "POL"]
[WhiteElo "2124"]
[WhiteRD "68"]
[BlackElo "1878"]
[BlackRD "51"]
[GameID "186988"]

1. e4 e5 2. Nf3 Nc6 3. Bb5 Nf6 4. Qe2 d6 5. d4 Bd7 6. d5 Ne7 7. Bxd7+ Qxd7 8. c4 Ng6 9. Nc3 Be7 10. O-O h5
11. Be3 Ng4 12. Bd2 Nf4 13. Bxf4 exf4 14. e5 O-O-O 15. e6 fxe6 16. dxe6 Qe8 17. Nd5 g5 18. Rad1 Nh6 19. Nd4 Rf8 20. Nb5 Nf5
21. Qd2 f3 22. Qa5 b6 23. Qa6+
1-0

[Event "Under 2000"]
[Site "SchemingMind.com"]
[Date "2009.01.10"]
[Round "-"]
[White "Phillip Beckett"]
[Black "jtrochez1"]
[Result "1-0"]
[WhiteCountry "ENG"]
[BlackCountry "HON"]
[WhiteElo "1646"]
[WhiteRD "61"]
[BlackElo "1546"]
[BlackRD "48"]
[GameID "187119"]

1. d4 d5 2. e3 Nf6 3. Bd3 e6 4. Nd2 Nc6 5. f4 Bd6 6. c3 a6 7. Ngf3 h6 8. Ne5 Bd7 9. Ndf3 Bxe5 10. fxe5 Ne4
11. O-O Qe7 12. Qe1 O-O-O 13. Qe2 Nb8 14. a4 f5 15. exf6 Nxf6 16. e4 dxe4 17. Bxe4 Nc6 18. Bd3 Nb8 19. Ne5 Be8 20. b4 Nd5
21. Bd2 g5 22. b5 axb5 23. axb5 h5 24. Ra8 Nb6 25. Ra2 N8d7 26. Nxd7 Rxd7 27. Rfa1 Rd6 28. Be4 g4 29. Ra7 c6 30. bxc6 Bxc6
31. Bxc6 Rxc6 32. Ra8+ Nxa8 33. Rxa8+ Kd7 34. Rxh8 Qf6 35. Rh7+ Kc8 36. Qe5 Qxe5 37. dxe5 g3 38. hxg3 Kb8 39. Rh8+ Ka7 40. Be3+ b6
41. Bd4 Ka6 42. Rxh5 b5 43. Rh8 Rc4 44. Rd8 b4 45. Rd6+ Kb5 46. cxb4 Rxb4 47. Rb6+ Kc4 48. Rxb4+ Kxb4 49. Bb6 Kb5 50. Bc7 Kc6
51. Bd6 Kd7 52. g4 Ke8 53. Kh2 Kf7 54. Kh3 Kg6 55. Kh4 Kg7 56. Kg5
1-0

[Event "Under 2000"]
[Site "SchemingMind.com"]
[Date "2009.01.10"]
[Round "-"]
[White "Phillip Beckett"]
[Black "jdcald13"]
[Result "0-1"]
[WhiteCountry "ENG"]
[BlackCountry "USA"]
[WhiteElo "1646"]
[WhiteRD "61"]
[BlackElo "1849"]
[BlackRD "66"]
[GameID "187120"]

1. d4 Nf6 2. e3 d5 3. Bd3 Bg4 4. f3 Bh5 5. c3 e6 6. Nd2 c5 7. Qa4+ Nc6 8. f4 Be7 9. Ngf3 O-O 10. Ne5 Qc7
11. Ndf3 Bxf3 12. gxf3 cxd4 13. exd4 a6 14. Rg1 Nh5 15. Qc2 f5 16. Qg2 Bh4+ 17. Ke2 Nxe5 18. fxe5 g6 19. Qh3 Qe7 20. Be3 Ng7
21. Bf2 Bxf2 22. Kxf2 b5 23. f4 b4 24. Rg5 bxc3 25. bxc3 Qa3 26. Be2 Rac8 27. Rg3 Qb2 28. Rag1 Qxa2 29. Qh6 Rf7 30. h4 Rb8
31. h5 Rb2 32. Re3 a5 33. hxg6 hxg6 34. Qxg6 Kf8 35. Qh7 Ne8 36. Rg8+ Ke7 37. Qh4+ Kd7 38. Qh8 Re7 39. Qh1 a4 40. Kf3 a3
41. Qf1 Qb1 42. Qh3 a2 43. Rxe8 Rxe8 44. Qh7+ Re7
0-1

[Event "Under 2000"]
[Site "SchemingMind.com"]
[Date "2009.01.11"]
[Round "-"]
[White "Phillip Beckett"]
[Black "Archon"]
[Result "1-0"]
[WhiteCountry "ENG"]
[BlackCountry "CAN"]
[WhiteElo "1833"]
[WhiteRD "95"]
[BlackElo "1695"]
[BlackRD "59"]
[GameID "187121"]

1. d4 d6 2. e3 g6 3. Bd3 Bg7 4. f4 a6 5. Nf3 Bg4 6. O-O e6 7. c3 c5 8. Nbd2 Ne7 9. Qa4+ b5 10. Bxb5+ axb5
11. Qxa8 O-O 12. a4 b4 13. h3 Bxf3 14. Nxf3 bxc3 15. bxc3 cxd4 16. cxd4 Qc7 17. Ba3 Nbc6 18. Qa6 Qd7 19. a5 e5 20. dxe5 dxe5
21. fxe5 Nxe5 22. Nxe5 Bxe5 23. Rad1 Qc7 24. Qb6 Rc8 25. Qxc7 Rxc7 26. Bd6 Bxd6 27. Rxd6 Nf5 28. Rd8+ Kg7 29. Ra8 Nxe3 30. Ra1 Nc4
31. a6 Nb6 32. Rb8 Nc8 33. Rb7
1-0

[Event "Under 2000"]
[Site "SchemingMind.com"]
[Date "2009.01.09"]
[Round "-"]
[White "Phillip Beckett"]
[Black "fervac"]
[Result "0-1"]
[WhiteCountry "ENG"]
[BlackCountry "NCA"]
[WhiteElo "1646"]
[WhiteRD "61"]
[BlackElo "1918"]
[BlackRD "75"]
[GameID "187122"]

1. d4 d5 2. e3 Nf6 3. Bd3 e6 4. f4 c5 5. c3 Nc6 6. Nf3 a6 7. Ne5 Qc7 8. O-O b5 9. Nd2 c4 10. Bc2 b4
11. Ndf3 Bd7 12. Nxd7 Nxd7 13. Ne5 Rc8 14. Nxd7 Qxd7 15. Qf3 f5 16. Bd2 a5 17. Be1 Be7 18. Qh5+ g6 19. Qh3 Qd8 20. g4 h5
21. gxf5 exf5 22. Kh1 Kf7 23. Rg1 Qd6 24. Bh4 Bxh4 25. Qxh4 Qf6 26. Qxf6+ Kxf6 27. Rg5 Ne7 28. Rag1 Rhg8 29. R5g3 Rb8 30. Ba4 Rb6
31. Rg5 Kf7 32. Bd1 Rd8 33. R5g3= Rdb8 34. R3g2 bxc3 35. bxc3 Rb2 36. Rxb2 Rxb2 37. Rg2 Rb1 38. Rg1 Rc1 39. Bf3 Rxc3 40. Rb1 Rxe3
41. Bg2 c3 42. Rb7 Re1+
0-1

[Event "Under 2000"]
[Site "SchemingMind.com"]
[Date "2009.01.10"]
[Round "-"]
[White "Phillip Beckett"]
[Black "smothered mate"]
[Result "0-1"]
[WhiteCountry "ENG"]
[BlackCountry "POL"]
[WhiteElo "1646"]
[WhiteRD "61"]
[BlackElo "1878"]
[BlackRD "51"]
[GameID "187123"]

1. d4 d5 2. e3 c5 3. c3 e6 4. f4 Nf6 5. Nf3 Bd6 6. Ne5 O-O 7. Bd3 b6 8. O-O Ba6 9. Qe2 Qc8 10. Bxa6 Qxa6
11. Qf3 Nbd7 12. Nd2 Rac8 13. Qh3 Bxe5 14. fxe5 Ne4 15. Nxe4 dxe4 16. Bd2 Qd3 17. Rad1 cxd4 18. exd4 Qxh3 19. gxh3 f5 20. exf6 Nxf6
21. Bg5 Nd5 22. Rxf8+ Rxf8 23. Rf1 Rf5 24. Rxf5 exf5 25. Kf2 b5 26. a3 Kf7 27. h4 Ke6 28. h3 Kd7 29. Ke2 f4 30. h5 h6
31. Bh4 f3+
0-1

[Event "Under 2000"]
[Site "SchemingMind.com"]
[Date "2009.01.12"]
[Round "-"]
[White "Phillip Beckett"]
[Black "schakert"]
[Result "0-1"]
[WhiteCountry "ENG"]
[BlackCountry "NED"]
[WhiteElo "1833"]
[WhiteRD "95"]
[BlackElo "1784"]
[BlackRD "62"]
[GameID "187124"]

1. d4 d5 2. e3 Nf6 3. Bd3 c6 4. Nd2 Bg4 5. f3 Bh5 6. c3 Bg6 7. Nf1 Bxd3 8. Qxd3 e6 9. f4 Ne4 10. Nf3 f5
11. Ne5 Nd7 12. Qe2 Ndf6 13. Ng3 Nxg3 14. hxg3 Bd6 15. Bd2 Qc7 16. O-O-O O-O-O 17. Kb1 Ne4 18. Qf3 g5 19. Be1 g4 20. Qe2 b5
21. a4 a6 22. axb5 axb5 23. Kc2 Bxe5 24. dxe5 Qa5 25. Bd2 Qa4+ 26. Kb1 Nxg3 27. Qf2 Qe4+ 28. Kc1 Nxh1 29. Rxh1 Rd7 30. Rh6 Ra7
31. Kd1 Qd3
0-1

[Event "Under 2000"]
[Site "SchemingMind.com"]
[Date "2009.01.09"]
[Round "-"]
[White "Phillip Beckett"]
[Black "Milan"]
[Result "1/2-1/2"]
[WhiteCountry "ENG"]
[BlackCountry "CZE"]
[WhiteElo "1833"]
[WhiteRD "95"]
[BlackElo "1713"]
[BlackRD "66"]
[GameID "187125"]

1. d4 d5 2. e3 c6 3. Bd3 Nf6 4. f4 Bg4 5. Nf3 e6 6. c3 c5 7. Nbd2 Nbd7 8. Qa4 Bxf3 9. Nxf3 Bd6 10. Ne5 Bxe5
11. fxe5 c4 12. Bb1 Ng8 13. O-O a6 14. e4 b5 15. Qc2 Nb6 16. exd5 Nxd5 17. a4 h6 18. axb5 axb5 19. Rxa8 Qxa8 20. Qf2 f5
21. exf6 Ngxf6 22. Bg6+ Ke7 23. Re1 Rf8 24. Qf5 Qc8 25. Qe5 Qd7 26. Bf5 Qd6 27. Qxe6+ Qxe6 28. Bxe6 Kd6 29. Bh3 Re8 30. Rxe8 Nxe8
31. Kf2 Nef6 32. Kf3 g5 33. Kg3=
1/2-1/2

[Event "Under 2000"]
[Site "SchemingMind.com"]
[Date "2009.01.14"]
[Round "-"]
[White "Phillip Beckett"]
[Black "iwegiel"]
[Result "1-0"]
[WhiteCountry "ENG"]
[BlackCountry "POL"]
[WhiteElo "1833"]
[WhiteRD "95"]
[BlackElo "1938"]
[BlackRD "71"]
[GameID "187126"]

1. d4 d5 2. e3 Bf5 3. f4 Nf6 4. Nf3 e6 5. c3 a6 6. Ne5 c5 7. Bd3 Bxd3 8. Qxd3 cxd4 9. exd4 Nc6 10. O-O Be7
11. Nd2 Qd6 12. Ndf3 b5 13. Ng5 O-O 14. Bd2 Rab8 15. a3 g6 16. Ngf3 Ne4 17. Ng4 a5 18. Nfe5 Nxd2 19. Qxd2 b4 20. axb4 axb4
21. Ra6 Rfc8 22. Rfa1 Rc7 23. Ra8 Qd8 24. Rxb8 Qxb8 25. Nxc6 Rxc6 26. Ne5 Rc7 27. Qe1 bxc3 28. bxc3 Qb2 29. Rc1 Bb4 30. Nd3 Qa3
31. Nxb4 Ra7 32. Nd3 Qd6 33. Qe5
1-0

[Event "Under 2000"]
[Site "SchemingMind.com"]
[Date "2009.01.10"]
[Round "-"]
[White "Phillip Beckett"]
[Black "waldron"]
[Result "0-1"]
[WhiteCountry "ENG"]
[BlackCountry "USA"]
[WhiteElo "1833"]
[WhiteRD "95"]
[BlackElo "2090"]
[BlackRD "72"]
[GameID "187127"]

1. d4 Nf6 2. e3 g6 3. Bd3 Bg7 4. Nd2 d5 5. f4 c5 6. c3 Qc7 7. Ndf3 O-O 8. Ne5 Nc6 9. Ngf3 Nxe5 10. fxe5 Ne4
11. O-O Bf5 12. Nh4 Be6 13. Bd2 f6 14. exf6 Bxf6 15. Nf3 c4 16. Bc2 Rf7 17. Be1 Raf8 18. Bxe4 dxe4 19. Bg3 Qb6 20. Ne5 Bxe5
21. Bxe5 Rxf1+
0-1

[Event "Under 2000"]
[Site "SchemingMind.com"]
[Date "2009.01.10"]
[Round "-"]
[White "jtrochez1"]
[Black "Phillip Beckett"]
[Result "0-1"]
[WhiteCountry "HON"]
[BlackCountry "ENG"]
[WhiteElo "1546"]
[WhiteRD "48"]
[BlackElo "1646"]
[BlackRD "61"]
[GameID "187128"]

1. e4 e6 2. d4 d5 3. e5 c5 4. c3 Nc6 5. Nf3 Qb6 6. Qa4 Bd7 7. Bb5 a6 8. Bxc6 Bxc6 9. Qc2 Ne7 10. Nbd2 Nf5
11. O-O cxd4 12. cxd4 Nxd4 13. Nxd4 Qxd4 14. Nf3 Qc5 15. Qxc5 Bxc5 16. a3 O-O 17. b4 Ba7 18. Be3 Bxe3 19. fxe3 Rac8 20. Nd4 Bd7
21. Rfc1 Rxc1+ 22. Rxc1 Rc8 23. Rxc8+ Bxc8 24. Kf2 Kf8 25. Kf3 Ke7 26. h4 f6 27. exf6+ gxf6 28. g4 Kd6 29. Ne2 Bd7 30. Ng3 Kc6
31. Ne2 Kb5 32. Nd4+ Ka4 33. Nc2 Kb3 34. Nd4+ Kxa3 35. e4 dxe4+ 36. Kxe4 Kxb4 37. h5 a5 38. Kd3 e5 39. Nf5 Bxf5+ 40. gxf5 a4
41. Kc2 e4
0-1

[Event "Under 2000"]
[Site "SchemingMind.com"]
[Date "2009.01.10"]
[Round "-"]
[White "jdcald13"]
[Black "Phillip Beckett"]
[Result "1-0"]
[WhiteCountry "USA"]
[BlackCountry "ENG"]
[WhiteElo "1881"]
[WhiteRD "78"]
[BlackElo "1833"]
[BlackRD "95"]
[GameID "187129"]

1. c4 e5 2. Nc3 Nf6 3. g3 d5 4. cxd5 Nxd5 5. Bg2 Be6 6. Nf3 Nc6 7. O-O f6 8. d3 Qd7 9. a3 O-O-O 10. Bd2 h5
11. b4 h4 12. Nxh4 Nd4 13. Ng6 Bh3 14. Nxh8 Bxg2 15. Kxg2 g5 16. Ng6 Qg4 17. Nxd5 Rxd5 18. e3
1-0

[Event "Under 2000"]
[Site "SchemingMind.com"]
[Date "2009.01.11"]
[Round "-"]
[White "Archon"]
[Black "Phillip Beckett"]
[Result "1-0"]
[WhiteCountry "CAN"]
[BlackCountry "ENG"]
[WhiteElo "1695"]
[WhiteRD "59"]
[BlackElo "1833"]
[BlackRD "95"]
[GameID "187130"]

1. d4 d5 2. e4 e6 3. Be3 dxe4 4. f3 exf3 5. Nxf3 Nd7 6. Bd3 Ngf6 7. O-O Be7 8. Nc3 O-O 9. Ne5 Nxe5 10. dxe5 Nd5
11. Bd2 b6 12. Qh5 g6 13. Qh6 f5 14. Rf3 Nxc3 15. bxc3 Rf7 16. Rg3 Bf8 17. Qh3 f4 18. Rxg6+ hxg6 19. Rf1 Rh7 20. Qg4 Qh4
21. Qxg6+ Rg7 22. Qe4 Rb8 23. Rxf4 Qh7 24. Qf3 Rxg2+ 25. Qxg2+ Qg7 26. Rg4
1-0

[Event "Under 2000"]
[Site "SchemingMind.com"]
[Date "2009.01.09"]
[Round "-"]
[White "fervac"]
[Black "Phillip Beckett"]
[Result "1-0"]
[WhiteCountry "NCA"]
[BlackCountry "ENG"]
[WhiteElo "1918"]
[WhiteRD "75"]
[BlackElo "1646"]
[BlackRD "61"]
[GameID "187131"]

1. d4 d5 2. c4 e6 3. Nc3 Nf6 4. Nf3 Be7 5. Bg5 h6 6. Bh4 O-O 7. e3 Ne4 8. Bxe7 Qxe7 9. Nxe4 dxe4 10. Nd2 f5
11. Be2 Nd7 12. Qb3 c5 13. f3 cxd4 14. exd4 Nb6 15. O-O Bd7 16. fxe4 Kh7 17. Bf3 Ba4 18. Qe3 Bc6 19. exf5 Bxf3 20. Rxf3 Rae8
21. Re1 Nc8 22. fxe6 Rxf3 23. Nxf3 Nd6 24. d5 Nxc4 25. Qe4+
1-0

[Event "Under 2000"]
[Site "SchemingMind.com"]
[Date "2009.01.09"]
[Round "-"]
[White "smothered mate"]
[Black "Phillip Beckett"]
[Result "1-0"]
[WhiteCountry "POL"]
[BlackCountry "ENG"]
[WhiteElo "1878"]
[WhiteRD "51"]
[BlackElo "1646"]
[BlackRD "61"]
[GameID "187132"]

1. e4 e6 2. d4 d5 3. Nd2 c5 4. exd5 exd5 5. Ngf3 Nc6 6. Bb5 Be7 7. dxc5 Nf6 8. O-O O-O 9. Bxc6 bxc6 10. b4 a5
11. c3 axb4 12. cxb4 Bg4 13. Qb3 Qb8 14. Nd4 Bd7 15. Bb2 Qb7 16. a4 Rfb8 17. Bc3 Ne4 18. Nxe4 dxe4 19. Rfe1 Bxc5 20. Rxe4 Bxd4
21. Bxd4 Qxb4 22. Qg3 Qb1+ 23. Re1 Qb4 24. Qxg7#
1-0